<?xml version="1.0" encoding="UTF-8"?>
<record
    xmlns:xsi="http://www.w3.org/2001/XMLSchema-instance"
    xsi:schemaLocation="http://www.loc.gov/MARC21/slim http://www.loc.gov/standards/marcxml/schema/MARC21slim.xsd"
    xmlns="http://www.loc.gov/MARC21/slim">

  <leader>03539nam a2200577Ia 4500</leader>
  <controlfield tag="001">352</controlfield>
  <controlfield tag="008">241029s9999    xx            000 0 und d</controlfield>
  <datafield tag="010" ind1=" " ind2=" ">
    <subfield code="a">320</subfield>
  </datafield>
  <datafield tag="041" ind1=" " ind2=" ">
    <subfield code="a">Espa&#xF1;ol</subfield>
  </datafield>
  <datafield tag="082" ind1=" " ind2=" ">
    <subfield code="a">INTEC/CyH-0106</subfield>
  </datafield>
  <datafield tag="245" ind1=" " ind2="0">
    <subfield code="a">Caracter&#xED;sticas de la producci&#xF3;n y del uso de materiales did&#xE1;cticos impresos para la ense&#xF1;anza-aprendizaje de la Lengua Espa&#xF1;ola en el Nivel Universitario. Santo Domingo 2010.</subfield>
  </datafield>
  <datafield tag="260" ind1=" " ind2=" ">
    <subfield code="a">Distrito Nacional</subfield>
  </datafield>
  <datafield tag="300" ind1=" " ind2=" ">
    <subfield code="a">127</subfield>
  </datafield>
  <datafield tag="520" ind1=" " ind2=" ">
    <subfield code="a">12</subfield>
  </datafield>
  <datafield tag="630" ind1=" " ind2=" ">
    <subfield code="a">Ense&#xF1;anza-Aprendizaje</subfield>
  </datafield>
  <datafield tag="630" ind1=" " ind2=" ">
    <subfield code="a">Estrategia de Aprendizaje</subfield>
  </datafield>
  <datafield tag="630" ind1=" " ind2=" ">
    <subfield code="a">Lectoescritura</subfield>
  </datafield>
  <datafield tag="630" ind1=" " ind2=" ">
    <subfield code="a">Producci&#xF3;n Escrita</subfield>
  </datafield>
  <datafield tag="630" ind1=" " ind2=" ">
    <subfield code="a">Producci&#xF3;n Oral</subfield>
  </datafield>
  <datafield tag="650" ind1=" " ind2=" ">
    <subfield code="a">Lengua Espa&#xF1;ola</subfield>
  </datafield>
  <datafield tag="690" ind1=" " ind2=" ">
    <subfield code="a">Elaborado</subfield>
  </datafield>
  <datafield tag="700" ind1=" " ind2=" ">
    <subfield code="e">asesor</subfield>
    <subfield code="a">Minier, Apolonia</subfield>
  </datafield>
  <datafield tag="700" ind1=" " ind2=" ">
    <subfield code="e">autor</subfield>
    <subfield code="a">Castillo, Lillian</subfield>
  </datafield>
  <datafield tag="700" ind1=" " ind2=" ">
    <subfield code="e">autor</subfield>
    <subfield code="a">De Le&#xF3;n, Crist&#xF3;bal </subfield>
  </datafield>
  <datafield tag="901" ind1=" " ind2=" ">
    <subfield code="a">{"1":"Castillo","2":"De Le&#xF3;n"}</subfield>
    <subfield code="b">{"1":"Lillian","2":"Crist&#xF3;bal "}</subfield>
  </datafield>
  <datafield tag="902" ind1=" " ind2=" ">
    <subfield code="a">1</subfield>
  </datafield>
  <datafield tag="903" ind1=" " ind2=" ">
    <subfield code="a">{"1":"Minier"}</subfield>
    <subfield code="b">{"1":"Apolonia"}</subfield>
  </datafield>
  <datafield tag="904" ind1=" " ind2=" ">
    <subfield code="a">Maestr&#xED;a en</subfield>
  </datafield>
  <datafield tag="905" ind1=" " ind2=" ">
    <subfield code="a">Educaci&#xF3;n</subfield>
  </datafield>
  <datafield tag="906" ind1=" " ind2=" ">
    <subfield code="a">2</subfield>
  </datafield>
  <datafield tag="907" ind1=" " ind2=" ">
    <subfield code="a">NO APLICA</subfield>
  </datafield>
  <datafield tag="908" ind1=" " ind2=" ">
    <subfield code="a">NO APLICA</subfield>
  </datafield>
  <datafield tag="909" ind1=" " ind2=" ">
    <subfield code="a">Instituto Tecnol&#xF3;gico de Santo Domingo (INTEC)</subfield>
  </datafield>
  <datafield tag="910" ind1=" " ind2=" ">
    <subfield code="a">NULL</subfield>
    <subfield code="b">NULL</subfield>
  </datafield>
  <datafield tag="911" ind1=" " ind2=" ">
    <subfield code="a">["1"]</subfield>
  </datafield>
  <datafield tag="912" ind1=" " ind2=" ">
    <subfield code="a">NO APLICA</subfield>
  </datafield>
  <datafield tag="913" ind1=" " ind2=" ">
    <subfield code="a">NULL</subfield>
  </datafield>
  <datafield tag="914" ind1=" " ind2=" ">
    <subfield code="a">01 de Marzo de 2012</subfield>
  </datafield>
  <datafield tag="915" ind1=" " ind2=" ">
    <subfield code="a">14/11/19 05:11</subfield>
  </datafield>
  <datafield tag="916" ind1=" " ind2=" ">
    <subfield code="a">NULL</subfield>
  </datafield>
  <datafield tag="917" ind1=" " ind2=" ">
    <subfield code="a">NULL</subfield>
  </datafield>
  <datafield tag="918" ind1=" " ind2=" ">
    <subfield code="a">NO APLICA</subfield>
  </datafield>
  <datafield tag="919" ind1=" " ind2=" ">
    <subfield code="a">["89","93","128","166","167"]</subfield>
  </datafield>
  <datafield tag="520" ind1=" " ind2=" ">
    <subfield code="a">El objetivo principal de esta investigaci&#xF3;n consisti&#xF3; en mostrar mediante el an&#xE1;lisis las fortalezas y debilidades de los programas y materiales did&#xE1;cticos utilizados para la ense&#xF1;anza-aprendizaje&#xA0;de la Lengua Espa&#xF1;ola en las Universidades y recomendar acciones pertinentes. Este trabajo se abord&#xF3; desde un enfoque cualitativo, cuantitativo e interpretativo, de tipo documental. &#xA0;Como t&#xE9;cnicas se utilizaron revisi&#xF3;n de programas, literaturas y materiales did&#xE1;cticos, elaboraci&#xF3;n de cuestionario, elaboraci&#xF3;n de gu&#xED;a y an&#xE1;lisis de datos. La poblaci&#xF3;n objeto de este estudio la conformaron las Instituciones de Educaci&#xF3;n Superior de la Rep&#xFA;blica Dominicana; constituida por cuarenta y cinco (45) Universidades, de las cuales se seleccion&#xF3; una muestra&#xA0;representativa&#xA0;de un 13%, correspondiente a un&#xA0;total de seis (6) Universidades.Los resultados de este estudio evidenciaron que algunos de los materiales impresos analizados no reflejan una orientaci&#xF3;n actualizada, clara, coherente que posibilite a los estudiantes la construcci&#xF3;n de nuevos saberes para su vida social y profesional. Dichos resultados no pueden interpretarse como evidencia de que los materiales did&#xE1;cticos impresos son la &#xFA;nica herramienta para el proceso de ense&#xF1;anza de la Lengua en las Universidades, pero s&#xED; constituyen un auxiliar pertinente; siempre que en la propuesta est&#xE9;n presentes los intereses y los conocimientos de los estudiantes.Esta investigaci&#xF3;n sugiere, que para que haya correspondencia entre la producci&#xF3;n de materiales did&#xE1;cticos impresos y los programas; es necesario que estos textos sean orientados por los enfoques, principios y fundamentos de las Instituciones Acad&#xE9;micas. Finalmente, se recomienda a las Universidades elaborar y ofrecer a los estudiantes materiales did&#xE1;cticos impresos que les posibiliten la lectura de textos, escribir, desarrollar su pensamiento cr&#xED;tico, reencontrarse consigo mismo y con la cultura.</subfield>
  </datafield>
  <datafield tag="921" ind1=" " ind2=" ">
    <subfield code="a">16</subfield>
  </datafield>
  <datafield tag="922" ind1=" " ind2=" ">
    <subfield code="a">16</subfield>
  </datafield>
  <datafield tag="923" ind1=" " ind2=" ">
    <subfield code="a">0</subfield>
  </datafield>
  <datafield tag="924" ind1=" " ind2=" ">
    <subfield code="a">NO APLICA</subfield>
  </datafield>
  <datafield tag="942" ind1=" " ind2=" ">
    <subfield code="c">Tesis</subfield>
  </datafield>
  <datafield tag="999" ind1=" " ind2=" ">
    <subfield code="c">320</subfield>
    <subfield code="d">320</subfield>
  </datafield>
</record>
